| 000 | 02441nkm0a2200481 4500 | ||
|---|---|---|---|
| 001 | RU\NLR\BIBL_A\022226754 | ||
| 005 | 20260407222424.0 | ||
| 035 | _a(NLR Aleph) 022226754 | ||
| 090 |
_a13517164 _c13517164 |
||
| 100 | _a20240520d1929 u y0rusy50 ca | ||
| 101 | 0 | _arus | |
| 102 | _aRU | ||
| 116 | _aiiycxx bf ad | ||
| 135 | _acrcn 024anaba | ||
| 181 | 0 |
_ab4 _bxb2e |
|
| 182 | 0 | _an | |
| 200 | 1 |
_aВодка враг, сберкасса друг! _e[плакат] |
|
| 203 |
_aИзображение _bнеподвижное _bдвухмерное _bвизуальное _cнепосредственное |
||
| 210 |
_a[Москва] _cГосударственное финансовое издательство СССР _d[1929] _eМосква _g12-я литография Мосполиграф |
||
| 215 |
_a1 л. _cхромолитогр. _d33,7х48,1 |
||
| 300 | _aНа л. справа внизу "Б. Шварц, 1929" | ||
| 325 | _aКопия доступна в Электрон. б-ке РНБ | ||
| 327 | 0 | _aСберегательная книжка, перечеркнутая красным бутылка с этикеткой "Столовое хлебное вино" | |
| 606 | 1 |
_aПлакат русский советский _z1923 - 1941 _92154642 _3RU\NLR\AUTH\661601958 |
|
| 610 | 1 | _aПлакат СССР экономический | |
| 610 | 1 | _aСберегательные книжки | |
| 686 | _aЩ153(2Р=Рус)7-466 | ||
| 700 | 1 |
_4040 _7ca _8rus _aШварц _bБ. В. _f1906-1967 _gБорис Владимирович _9268155 _3RU\NLR\AUTH\770268211 |
|
| 712 | 0 | 2 |
_4650 _aГосударственное финансовое издательство _cМосква _3RU\NLR\AUTH\8810149728 _9794016 |
| 712 | 0 | 2 |
_4610 _a"Мосполиграф", трест _bЛитография _c12 _9883811 _3RU\NLR\AUTH\880611960 |
| 830 | _aПоступление в РНБ 1930 г. | ||
| 852 | 0 | 0 |
_aNLR _bЭ _jПлЭк811/4-3 _mинв.150007 |
| 856 | 0 | _uhttps://vivaldi.nlr.ru/la700001060/view | |
| 856 | 1 | _uhttps://vivaldi.nlr.ru/la700001060/cover | |
| 856 | 2 | _uhttps://vivaldi.nlr.ru/la700001060/text | |
| 942 | _cVISUAL | ||
| 980 | _aNB | ||
| 981 | 1 | 7 |
_a(17) Изографические материалы _b(17) Плакаты |